000 00411nam a22001577a 4500
020 _a978-93-82776-42-0
082 _a823
_bDIC/O
100 _aDICKENS, CHARLES
245 _bOLIVER TWIST
_aILLUSTRATED CLASSICS
246 _aOLIVER TWIST
_bILLUSTRATED CLASSICS
260 _aTHRISSUR
_bH & C PUBLISHING HOUSE
300 _a48
520 _aILLUSTRATED CLASSICS
650 _aILLUSTRATED CLASSICS
942 _cBK
999 _c2218
_d2218